| 000 | 01015nas a2200265 i 4500 | ||
|---|---|---|---|
| 003 | DO-SdBNP | ||
| 005 | 20260219140011.0 | ||
| 007 | ta | ||
| 008 | 260219e1925 dr wn|p|r||||||0| | spa d | ||
| 040 |
_aDO-SdBNP _bspa _cBNPHU _erda |
||
| 041 | _aspa | ||
| 110 |
_aListín Diario (República Dominicana) _953034 |
||
| 245 |
_aRevista universal : _bsuplemento semanal / _cListín Diario. |
||
| 264 |
_aSanto Domingo, República Dominicana : _bListín Diario, _c1925. |
||
| 300 |
_avolumen : _bilustraciones ; _c35 cm. |
||
| 310 | _aSemanal. | ||
| 336 |
_atexto _btxt _2rdacontent |
||
| 337 |
_asin mediación _bn _2rdamedia |
||
| 338 |
_avolumen _bnc _2rdacarrier |
||
| 362 | _aAño 36. Número 10. Volumen 707, enero 1925. | ||
| 500 | _aCatalogación basada en el: Año 36. Número 10. Volumen 707, enero 1925. | ||
| 500 | _aEste es un suplemento que está acompañado con algunos años del Listín Diario. | ||
| 650 | 0 |
_aComunicados de prensa _vSuplemento _989063 _zRepública Dominicana |
|
| 942 |
_2ddc _cISSUE |
||
| 999 |
_c60376 _d60376 |
||